| 000 | 00662nam a22002057a 4500 | ||
|---|---|---|---|
| 005 | 20251108164844.0 | ||
| 008 | 250721s1976 xx 000 0 ara d | ||
| 082 | 1 | 4 | _a371.3331/اذا |
| 245 | 1 | 0 | _aالإذاعات التعليمية في العالم العربي / |
| 264 | 1 |
_aالقاهرة : _bاتحاد اذاعات الدول العربية، _c1976. |
|
| 300 | _a558ص | ||
| 650 | 1 | 7 | _aالتربية |
| 650 | 1 | 7 | _aوسائل التدريس |
| 650 | 1 | 7 | _aأساليب التدريس |
| 650 | 1 | 7 | _aالراديو |
| 650 | 1 | 7 | _aالإذاعة المدرسية |
| 650 | 1 | 7 | _aالتلفزيون التربوي |
| 942 |
_2ddc _cBK |
||
| 999 |
_c15980 _d15980 |
||